LEADER 01585nam a2200349 a 4500 001 000000121737 003 CaOOAMICUS 005 20100512154942.0 008 100512t2010 it u000 u ita r 020 $a978-88-207-4852-4 040 $aPUL$bita$dReb 082 04$a303.4 100 1 $aBordoni, Carlo.$0(OLS)http://pul/name/76254 245 12$aL'identità perduta :$bmoltitudini, consumismo e crisi del lavoro /$cCarlo Bordoni ; a cura di Zygmunt Bauman. 260 $aNapoli :$bLiguori,$c©2010. 300 $a160 p. ;$c24 cm 490 1 $aProfili 490 1 $aTeorie & oggetti delle scienze sociali ;$v33 504 $aBibliografia p. [151]-157. 650 4$aLavoro$xAspetti economici e sociali.$0(OLS)http://pul/subject/1142 650 4$aConsumo$xAspetti socio-culturali.$0(OLS)http://pul/subject/33620 700 1 $aBauman, Zygmunt,$d1925-2017.$0(OLS)http://pul/name/31901 830 0$aTeorie & oggetti delle scienze sociali ;$v33.$0(OLS)http://pul/title/153158 830 0$aProfili (Liguori).$0(OLS)http://pul/title/153159 850 $aPUL 852 $aPUL$W1$xSL Diritto e Scienze Sociali 3$y79$m303. 4 BORCA 1$j139725$qDDC 21$q $B138915$CPULBib$Z2$F138915 $H113627 $81 941 1 $a9 960 $aConsumismo$933620 996 $6020$a978-88-207-4852-4$9(OLS)http://pul/number/144196 996 $6082$a303.4$9(OLS)http://pul/classification/529 996 $6245$aL'identità perduta :$bmoltitudini, consumismo e crisi del lavoro$9(OLS)http://pul/title/153157 996 $6260$aNapoli :$bLiguori$9(OLS)http://pul/publisher/48007 LEADER 01404nam a2200313 a 4500 001 000000126887 003 CaOOAMICUS 005 20111108114905.0 008 111108s2011 vc u000 u ita r 020 $a978-88-465-0752-5 040 $aPUL$bita 100 1 $aD'Onghia Nicola.$0(OLS)http://pul/name/78493 245 13$aIl concetto di anima tra neuroscienze e teologia /$cNicola D'Onghia. 260 $aRoma :$bLateran University Press,$c©2011. 300 $a282 p. ;$c21 cm 490 1 $aCorona Lateranensis ;$v48 500 $aIn testa al front: Pontificia Universitas Lateranensis. Facultas Sacrae Theologiae. 502 $aTheses ad Doctoratum in S. Theologia, Pontificia Universitas Lateranensis, 2011. 504 $aBibliografia: p. [267]-273. 650 4$aTeologia.$0(OLS)http://pul/subject/118 650 4$aNeuroscienze.$0(OLS)http://pul/subject/35923 830 0$aCorona Lateranensis ;$v48.$0(OLS)http://pul/title/684 850 $aPUL 852 $aPUL$W1$xSL Religione 2$y84$mTheol A5b 48$j146713$qStampati Altre Collocazioni$q $B145411$CPULBib$Z2$F145411 $H118389 $81 941 1 $a10 996 $6020$a978-88-465-0752-5$9(OLS)http://pul/number/148436 996 $6245$aIl concetto di anima tra neuroscienze e teologia$9(OLS)http://pul/title/156703 996 $6260$aRoma :$bLateran University Press$9(OLS)http://pul/publisher/74370